000 005030000a22001810004500
041 0 _aSPA
082 0 4 _aG 232.963 H8874c
100 1 _aHuegel, Federico J. (Julius) (1889-)
245 1 0 _aLa cruz de Cristo a través de las Escrituras / Federico J. Huegel
260 _aMéxico, D.F., USA : de la Fuente
300 _a127 Pag
650 1 4 _aEXPIACION
001 3977
942 _cBK
999 _c34598
_d34598
336 _atexto
_btxt
_2rdacontent
337 _2rdamedia
_asin mediación
_bn
338 _2rdacarrier
_avolumen
_bnc